La cara oscura del sputnik / (Record no. 123164)

MARC details
000 -LEADER
campo de control de longitud fija 00626nam a2200205 4500
001 - NÚMERO DE CONTROL
campo de control 123164
003 - IDENTIFICADOR DE NÚMERO DE CONTROL
campo de control ES-MaACL
005 - FECHA Y HORA DE LA ÚLTIMA TRANSACCIÓN
campo de control 20250929063158.0
007 - CAMPO FIJO DE DESCRIPCIÓN FÍSICA--INFORMACIÓN GENERAL
campo de control de longitud fija t|
008 - DATOS DE LONGITUD FIJA--INFORMACIÓN GENERAL
campo de control de longitud fija 070214s1962 sp r ||||0| spa d
100 1# - ENTRADA PRINCIPAL--NOMBRE DE PERSONA
Nombre de persona Pruvost, Pierre,
Fechas asociadas al nombre 1882-1970
9 (RLIN) 94090
245 13 - MENCIÓN DEL TÍTULO
Título La cara oscura del sputnik /
Mención de responsabilidad, etc. Pierre Pruvost ; traducción castellana de Juan Ruiz de Larios.
260 ## - PUBLICACIÓN, DISTRIBUCIÓN, ETC.
Lugar de publicación, distribución, etc. Barcelona :
Nombre del editor, distribuidor, etc. Vergara,
Fecha de publicación, distribución, etc. 1962.
300 ## - DESCRIPCIÓN FÍSICA
Extensión 224 p ;
Dimensiones 21 cm.
490 1# - MENCIÓN DE SERIE
Mención de serie Mapamundi
700 1# - ENTRADA AGREGADA--NOMBRE PERSONAL
Nombre de persona Ruiz de Larios, Juan.
9 (RLIN) 100756
830 0# - PUNTO DE ACCESO ADICIONAL DE SERIE-TÍTULO UNIFORME
Título uniforme Mapamundi
9 (RLIN) 186580
852 ## - LOCALIZACIÓN
Ubicación ES-MaACL
Número de control de estantería C-22014
Sublocalización o colección R.50811
Holdings
Estatus retirado Estado de pérdida Estado de daño No para préstamo Biblioteca de origen Biblioteca actual Ubicación en estantería Fecha de adquisición Fuente de adquisición Total de préstamos Signatura topográfica completa Código de barras Visto por última vez Precio de reemplazo Tipo de ítem Koha
        Biblioteca del Ateneo de Madrid Biblioteca del Ateneo de Madrid Galería 17/01/2008     C-22014 1128336 23/02/2023 23/02/2023 Libro impreso